000 00404nam a22001697a 4500
999 _c5089
_d5087
005 20210906114646.0
008 160701b xxu||||| |||| 00| 0 eng d
020 _a978-81-7709-447-0
041 _aeng
082 _b20507
100 _aThakur K P
_96880
245 _aA Practical Guide To English Grammar
260 _bBharti bhawan
_c2015
300 _a650
650 _aManagement
_9241
942 _cBK